| 000 | 00584cam a22002177a 4500 | ||
|---|---|---|---|
| 001 | 000135 | ||
| 003 | armpunfd | ||
| 005 | 20140612090559.0 | ||
| 008 | 011019e1985####xx#a##########000#0#und#d | ||
| 040 |
_aarmpunfd _carmpunfd |
||
| 080 | _a341.1/.8 P 751 | ||
| 100 | 1 | 0 | _a Ruda, Jose Maria |
| 245 | 1 | 0 | _aDerecho internacional publico |
| 260 |
_a Buenos Aires _b Tea _c1985 |
||
| 300 | _av. 510 v. | ||
| 500 | _ala biblioteca posee v.2 | ||
| 650 | 7 |
_a Derecho Internacional Publico _2LEMB |
|
| 700 | 1 | 0 | _aPodesta Costa, L.A. |
| 942 |
_cLB _2cdu |
||
| 945 |
_aCatalis _d2010-08-19 |
||
| 999 |
_c133 _d230637 |
||